| 000 | 02918nam a2200661 i 4500 | ||
|---|---|---|---|
| 001 | nkc20243627779 | ||
| 003 | CZ PrNK | ||
| 005 | 20260422105812.0 | ||
| 007 | ta | ||
| 008 | 240830s2024 xr a c 6 000 1 cze | ||
| 015 | _acnb003627779 | ||
| 020 |
_a978-80-252-5879-8 _q(vázáno) : _cKč 549,00 |
||
| 035 | _a(OCoLC)1505964101 | ||
| 040 |
_aABG001 _bcze _dBOA001 _dABA001 _erda |
||
| 041 | 1 |
_acze _hfre |
|
| 072 | 7 |
_a741.52 _xKomiksy. Komiksové adaptace _2Konspekt _921 |
|
| 072 | 7 |
_a821-93 _xLiteratura pro děti a mládež (beletrie) _2Konspekt _926 |
|
| 080 |
_a741.52(0:82-321.6) _2MRF |
||
| 080 |
_a741.52(0:82-321.5) _2MRF |
||
| 080 |
_a821-93 _2MRF |
||
| 100 | 1 |
_aFerri, Jean-Yves, _d1959- _7xx0108462 _4aut _97224 |
|
| 245 | 1 | 0 |
_aAsterix XXXVII-XL / _ctexty: Jean-Yves Ferri a Fabcaro ; kresby: Didier Conrad ; z francouzských originálů přeložil Michal Lázňovský |
| 250 | _aPrvní souborné vydání | ||
| 264 | 1 |
_aV Praze : _bAlicanto, _c2024 |
|
| 300 |
_a188 stran : _bbarevné ilustrace ; _c30 cm |
||
| 336 |
_atext _btxt _2rdacontent |
||
| 336 |
_astatický obraz _bsti _2rdacontent |
||
| 337 |
_abez média _bn _2rdamedia |
||
| 338 |
_asvazek _bnc _2rdacarrier |
||
| 490 | 1 | _aAsterixova dobrodružství | |
| 500 | _aNad názvem: Goscinny a Uderzo uvádějí Asterixova dobrodružství | ||
| 505 | 0 | 0 |
_tAsterix v Itálii -- _tVercingetorixova dcera -- _tAsterix a gryf -- _tBílý kosatec |
| 520 | 2 | _aČtyři kreslené příběhy galského válečníka Asterixe a jeho přátel v souborném vydání. | |
| 521 | 8 | _aPro čtenáře od 9 let | |
| 655 | 7 |
_ahistorické komiksy _7fd1057475 _2czenas _99242 |
|
| 655 | 7 |
_ahumoristické komiksy _7fd1057480 _2czenas _99241 |
|
| 655 | 7 |
_apublikace pro děti _7fd133156 _2czenas |
|
| 655 | 9 |
_ahistorical comics _2eczenas _99244 |
|
| 655 | 9 |
_ahumorous comics _2eczenas _99243 |
|
| 655 | 9 |
_achildren's literature _2eczenas |
|
| 700 | 0 |
_aFabcaro, _d1973- _7xx0312215 _4aut _918331 |
|
| 700 | 1 |
_aConrad, Didier, _d1959- _7xx0179868 _4ill _97225 |
|
| 700 | 1 |
_aLázňovský, Michal, _d1947- _7jk01071703 _4trl _96560 |
|
| 700 | 1 | 2 |
_aFerri, Jean-Yves, _d1959- _tAstérix et la Transitalique. _lČesky _7aun20241216544 _920704 |
| 700 | 1 | 2 |
_aFerri, Jean-Yves, _d1959- _tFille de Vercingétorix. _lČesky _7aun20241247557 _920705 |
| 700 | 1 | 2 |
_aFerri, Jean-Yves, _d1959- _tAstérix et le griffon. _lČesky _7aun20251253201 _920706 |
| 700 | 0 | 2 |
_aFabcaro, _d1973- _tIris blanc. _lČesky _7aun20251253200 _920707 |
| 787 | 0 | 8 |
_iZ cyklu: _tAsterixova dobrodružství |
| 830 | 0 |
_aAsterixova dobrodružství (Alicanto) _920708 |
|
| 856 | 4 | 1 |
_uhttps://ndk.cz/uuid/uuid:184a3520-ba28-11f0-80f1-5ef3fc9bb22f _yDigitalizovaný dokument |
| 901 |
_b9788025258798 _f1. souborné vydání _o20250214 |
||
| 928 | 9 | _aAlbatros Media - Alicanto | |
| 998 | _a003627779 | ||
| 910 | _aABG508 | ||
| 044 | _axr | ||
| 993 |
_a382.00 _h549.00 _iTeam Business _d2026-04-22 _x1076115 |
||
| 999 |
_c34213 _d34213 |
||